Umění rozhodnout se : (Záznam č. 34221)
| 000 -Návěští | |
|---|---|
| Řídící pole kódované 24B | 01181nam a2200385 i 4500 |
| 001 - Kontrolní číslo | |
| Řídící pole proměnné | 1706732 |
| 003 - Identifikátor kontrolního čísla | |
| Řídící pole proměnné | CZ PrSKC |
| 005 - Datum posledního zpracování | |
| Řídící pole 16B | 20260428090141.0 |
| 007 - Pole pevné délky pro fyzický popis | |
| Řídící pole kódované | ta |
| 008 - Údaje pevné délky | |
| Řídící pole kódované 40B | 260420s2026 xr e f 000 0 cze d |
| 020 ## - ISBN | |
| ISBN | 9788027158935 |
| Dostupnost | Kč 299.00 |
| 040 ## - Zdroj katalogizace-agentura | |
| Agentura původní katalogizace | KLG001 |
| Jazyk katalogizace | cze |
| Použitá pravidla popisu | rda |
| 072 #7 - Kód předmětové kategorie - Konspekt | |
| Předmětová kategorie | 159.92 |
| Zpřesnění předmětové kategorie | Vývojová psychologie. Individuální psychologie |
| Zdroj předmětové klasifikace | Konspekt |
| 080 ## - MDT | |
| Klasifikační znak MDT | 005.311.6 |
| Idetifikátor vydání MDT | MRF |
| 080 ## - MDT | |
| Klasifikační znak MDT | 159.955.5 |
| Idetifikátor vydání MDT | MRF |
| 080 ## - MDT | |
| Klasifikační znak MDT | 159.923.5 |
| Idetifikátor vydání MDT | MRF |
| 080 ## - MDT | |
| Klasifikační znak MDT | 159.923.2 |
| Idetifikátor vydání MDT | MRF |
| 080 ## - MDT | |
| Klasifikační znak MDT | (035) |
| Idetifikátor vydání MDT | MRF |
| 100 1# - Hlavní záhlaví - osobní jméno autora | |
| Osobní jméno | Sladká, Tereza, |
| Datumy související se jménem | 1997- |
| Kód role | aut |
| 9 (RLIN) | 20715 |
| 245 10 - Údaje o názvu | |
| Název | Umění rozhodnout se : |
| Další údaje o názvu | jak překonat rozhodovací paralýzu / |
| Údaj o odpovědností, atd. | Tereza Sladká |
| 250 ## - Údaje o vydání | |
| Označení vydání | Vydání 1. |
| 264 #1 - Nakladatelské údaje | |
| Místo vydání | Praha : |
| Nakladatel | Grada, |
| Rok vydání | 2026 |
| 300 ## - Fyzický popis | |
| Rozsah | 187 stran ; |
| Rozměry | 24 cm |
| 490 1# - Údaje o edici | |
| Údaje o edici | Psychologie pro každého |
| 504 ## - Poznámka o bibliografii | |
| Text poznámky o bibliografii,atd | Obsahuje bibliografii |
| 650 07 - Vedlejší věcné záhlaví - věcné téma | |
| Věcné téma | rozhodování |
| Zdroj záhlaví nebo termínu | czenas |
| 9 (RLIN) | 3186 |
| 650 07 - Vedlejší věcné záhlaví - věcné téma | |
| Věcné téma | rozvoj osobnosti |
| Zdroj záhlaví nebo termínu | czenas |
| 650 07 - Vedlejší věcné záhlaví - věcné téma | |
| Věcné téma | sebeřízení |
| Zdroj záhlaví nebo termínu | czenas |
| 9 (RLIN) | 8130 |
| 650 07 - Vedlejší věcné záhlaví - věcné téma | |
| Věcné téma | sebevědomí |
| Zdroj záhlaví nebo termínu | czenas |
| 9 (RLIN) | 2662 |
| 650 07 - Vedlejší věcné záhlaví - věcné téma | |
| Věcné téma | sebedůvěra |
| Zdroj záhlaví nebo termínu | czenas |
| 9 (RLIN) | 2663 |
| 655 #7 - Rejstříkový termín - žánr/forma | |
| Žánr/forma či základní termín | příručky |
| -- | 106 |
| 710 2# - Vedlejší záhlaví - jméno korporativního autora | |
| Jméno korporace nebo jurisdikce | Grada (nakladatelství) |
| Kód role | pbl |
| 9 (RLIN) | 20714 |
| 910 ## - Údaje o vlastníkovi jednotky (exempláře) | |
| Sigla vlastníka jednotky | ABG508 |
| Stav ztráty | Zdroj klasifikace pro skladování | Stav poškození |
|---|---|---|
| Universal Decimal Classification |